Lord of the Rings Characters - Statistics

General Stats
  • This quiz has been taken 48 times
  • The average score is 13 of 19
Answer Stats
Film Answer % Correct
All (Fellowship) Aragorn
100%
All (Fellowship) Gandalf
98%
All (Fellowship) Samwise Gamgee
98%
All (Fellowship) Gimli
93%
All Meriadoc Brandybuck
90%
All (Fellowship) Frodo Baggins
88%
All (Fellowship) Peregrin Took
88%
The Two Towers Faramir
83%
Two Towers/Return of the King King Théoden
76%
Fellowship of the Ring Boromir
74%
All Saruman
74%
All* Sauron
71%
All Elrond
67%
Fellowship of the Ring/ Return of the King Bilbo Baggins
62%
All (Fellowship) Legolas Greenleaf
50%
Two Towers/Return of the King Sméagol
40%
Two Towers/Return of the King Treebeard
21%
Return of the King Déagol
14%
Fellowship of the Ring Isildur
5%
No matching quizzes found
Score Distribution
Percent of People with Each Score
Percentile by Number Answered
Your Score History
You have not taken this quiz